[Event "43. Olimpiada Batumi 2018 Femenina"]
[Site "Batumi GEO"]
[Date "2018.09.24"]
[Round "1.3"]
[White "Razan, Alshaeby"]
[Black "Mammadova, Gulnar"]
[Result "0-1"]
[WhiteElo "1712"]
[BlackElo "2355"]
[PlyCount "92"]
[EventDate "2018.09.24"]
[EventType "team-swiss"]
[EventRounds "11"]
[EventCountry "GEO"]
[SourceTitle "Ajedrez en Madrid"]
[Source "lmi"]
[SourceDate "2018.09.24"]
[WhiteTeam "Jordan"]
[BlackTeam "Azerbaijan"]
[WhiteTeamCountry "JOR"]
[BlackTeamCountry "AZE"]

1. e4 e6 2. d4 d5 3. e5 c5 4. Nf3 cxd4 5. Nxd4 Nc6 6. Nf3 Nge7 7. Bd3 Qc7 8.
Bf4 Ng6 9. Bxg6 fxg6 10. Nbd2 Nb4 11. Nd4 Bc5 12. N2b3 O-O 13. Nxc5 Rxf4 14.
Ncb3 Qxe5+ 15. Ne2 Rf7 16. c3 Nc6 17. O-O Bd7 18. Qd2 Qf6 19. f4 Raf8 20. Rf3
Qd8 21. Raf1 Na5 22. Nxa5 Qxa5 23. Nc1 Qb6+ 24. Kh1 Bb5 25. R1f2 Bc6 26. Qd4
Qxd4 27. cxd4 Bb5 28. g3 g5 29. Kg2 gxf4 30. gxf4 Rc7 31. Ne2 Be8 32. Re3 Bd7
33. Ng3 g6 34. Nf1 Rc1 35. Nd2 Rc2 36. Nb3 Rxf2+ 37. Kxf2 Rxf4+ 38. Kg3 Rf6 39.
Nc5 Bc8 40. Nd3 Rf7 41. Ne5 Rc7 42. Re2 b6 43. Rf2 a5 44. Kg4 Ba6 45. Kg5 Kg7
46. Rf6 h6+ 0-1

[Event "43. Olimpiada Batumi 2018 Femenina"]
[Site "Batumi GEO"]
[Date "2018.09.24"]
[Round "1.4"]
[White "Fataliyeva, Ulviyya"]
[Black "Alattar, Ghayda M"]
[Result "1-0"]
[WhiteElo "2320"]
[BlackElo "1926"]
[PlyCount "69"]
[EventDate "2018.09.24"]
[EventType "team-swiss"]
[EventRounds "11"]
[EventCountry "GEO"]
[SourceTitle "Ajedrez en Madrid"]
[Source "lmi"]
[SourceDate "2018.09.24"]
[WhiteTeam "Azerbaijan"]
[BlackTeam "Jordan"]
[WhiteTeamCountry "AZE"]
[BlackTeamCountry "JOR"]

1. e4 e5 2. Nf3 Nc6 3. Bb5 f5 4. d3 d6 5. O-O Nf6 6. Re1 a6 7. Bxc6+ bxc6 8.
exf5 Bxf5 9. Nxe5 dxe5 10. Rxe5+ Be7 11. Rxf5 O-O 12. Nc3 Qd7 13. Rf3 Rab8 14.
h3 Bc5 15. Rb1 Bd4 16. Ne2 Be5 17. d4 Bd6 18. Qd3 Nd5 19. Bd2 Rxf3 20. Qxf3 Rf8
21. Qb3 Kh8 22. Rf1 Qf5 23. c4 Nf6 24. Ng3 Qg6 25. Re1 c5 26. d5 h5 27. Qe3 Re8
28. Qf3 Rxe1+ 29. Bxe1 Qb1 30. Qe2 h4 31. Nf1 Qf5 32. f3 Qf4 33. b3 Be5 34.
Bxh4 Nh5 35. Bf2 1-0

[Event "43. Olimpiada Batumi 2018 Femenina"]
[Site "Batumi GEO"]
[Date "2018.09.24"]
[Round "1.1"]
[White "Danielian, Elina"]
[Black "Samaganova, Alexandra"]
[Result "1-0"]
[WhiteElo "2409"]
[BlackElo "2024"]
[PlyCount "47"]
[EventDate "2018.09.24"]
[EventType "team-swiss"]
[EventRounds "11"]
[EventCountry "GEO"]
[SourceTitle "Ajedrez en Madrid"]
[Source "lmi"]
[SourceDate "2018.09.24"]
[WhiteTeam "Armenia"]
[BlackTeam "Kyrgyzstan"]
[WhiteTeamCountry "ARM"]
[BlackTeamCountry "KGZ"]

1. d4 e6 2. Nf3 Nf6 3. e3 b6 4. Bd3 Bb7 5. O-O c5 6. c4 Be7 7. Nc3 d6 8. h3 h6
9. d5 exd5 10. cxd5 O-O 11. e4 a6 12. a4 Qc7 13. Nd2 Nbd7 14. f4 Rfe8 15. Nc4
Nf8 16. Qf3 N6d7 17. e5 dxe5 18. fxe5 Nxe5 19. Qg3 Bd6 20. Bxh6 g6 21. Nxd6
Qxd6 22. Ne4 Qc7 23. Nf6+ Kh8 24. Qh4 1-0

[Event "43. Olimpiada Batumi 2018 Femenina"]
[Site "Batumi GEO"]
[Date "2018.09.24"]
[Round "1.2"]
[White "Omurbekova, Diana"]
[Black "Sargsyan, Anna M"]
[Result "0-1"]
[WhiteElo "1877"]
[BlackElo "2331"]
[PlyCount "112"]
[EventDate "2018.09.24"]
[EventType "team-swiss"]
[EventRounds "11"]
[EventCountry "GEO"]
[SourceTitle "Ajedrez en Madrid"]
[Source "lmi"]
[SourceDate "2018.09.24"]
[WhiteTeam "Kyrgyzstan"]
[BlackTeam "Armenia"]
[WhiteTeamCountry "KGZ"]
[BlackTeamCountry "ARM"]

1. e4 c6 2. d4 d5 3. e5 Bf5 4. Bd3 Bxd3 5. Qxd3 e6 6. Nf3 Qa5+ 7. c3 Nd7 8. O-O
Ne7 9. Nbd2 h5 10. Re1 Nf5 11. Nf1 c5 12. Ng3 Nxg3 13. hxg3 c4 14. Qe2 b5 15.
Bd2 Be7 16. b4 Qa3 17. Reb1 Nf8 18. Ne1 Ng6 19. f4 Bd8 20. f5 exf5 21. Qf3 Ne7
22. Nc2 Qa6 23. a4 Qe6 24. axb5 Bb6 25. Bg5 Rd8 26. Rf1 g6 27. Bf6 Rf8 28. Rfe1
Qd7 29. Qe3 Qe6 30. Re2 Ng8 31. Bxd8 Kxd8 32. Ne1 Re8 33. Nf3 Kd7 34. Ng5 Qe7
35. Nh3 Nf6 36. Nf4 g5 37. exf6 Qxe3+ 38. Rxe3 Rxe3 39. Nxd5 Rxg3 40. Kf2 f4
41. Nxb6+ axb6 42. Ra7+ Ke6 43. Rb7 Rxc3 44. Rxb6+ Kf5 45. Rc6 Rc2+ 46. Ke1 f3
47. gxf3 h4 48. Kd1 Rb2 49. Rxc4 h3 50. Kc1 Rg2 51. Rc8 h2 52. Rh8 Rg1+ 53. Kb2
h1=Q 54. Rxh1 Rxh1 55. Kb3 Ke6 56. b6 Kd6 0-1

[Event "43. Olimpiada Batumi 2018 Femenina"]
[Site "Batumi GEO"]
[Date "2018.09.24"]
[Round "1.3"]
[White "Kursova, Maria"]
[Black "Zairbek kyzy, Begimay"]
[Result "1/2-1/2"]
[WhiteElo "2289"]
[BlackElo "1770"]
[PlyCount "148"]
[EventDate "2018.09.24"]
[EventType "team-swiss"]
[EventRounds "11"]
[EventCountry "GEO"]
[SourceTitle "Ajedrez en Madrid"]
[Source "lmi"]
[SourceDate "2018.09.24"]
[WhiteTeam "Armenia"]
[BlackTeam "Kyrgyzstan"]
[WhiteTeamCountry "ARM"]
[BlackTeamCountry "KGZ"]

1. d4 d5 2. Nf3 Nf6 3. c4 e6 4. Nc3 Be7 5. Bf4 O-O 6. e3 a6 7. h3 b6 8. Rc1
Nbd7 9. cxd5 exd5 10. Bd3 Bb7 11. O-O c5 12. dxc5 Nxc5 13. Bb1 a5 14. Nd4 Bd6
15. Bxd6 Qxd6 16. Nf5 Qd7 17. Qd4 Rfd8 18. Rfd1 Qe6 19. Qh4 Nce4 20. Bxe4 dxe4
21. Rxd8+ Rxd8 22. Qg5 g6 23. Nd4 Qe7 24. Ncb5 Rc8 25. Rxc8+ Bxc8 26. Qf4 Kg7
27. Qb8 Qc5 28. Nc3 Bd7 29. Qb7 Bc8 30. Qb8 Ba6 31. Ne6+ fxe6 32. Qa7+ Kh6 33.
Qxa6 Qb4 34. Qe2 Nd5 35. Nb5 e5 36. Na3 Qc5 37. Qc4 Nb4 38. Qxc5 bxc5 39. Nc4
Nxa2 40. Nxa5 Nb4 41. Nc4 Nd3 42. Kf1 Kg5 43. g3 Kf6 44. Nd6 Ke7 45. Nxe4 c4
46. Ke2 Nxb2 47. Kd2 Na4 48. Kc2 Ke6 49. Ng5+ Kf5 50. Nxh7 e4 51. g4+ Ke5 52.
h4 Nc5 53. Nf8 Kf6 54. Kc3 Nd3 55. g5+ Kf5 56. Kxc4 Nxf2 57. Kd4 Nh1 58. Nd7
Ng3 59. Nf6 Ne2+ 60. Kd5 Nc3+ 61. Kc4 Ne2 62. Kd5 Nc3+ 63. Kd4 Ne2+ 64. Kc4 Ng3
65. Kc3 Nf1 66. Kd4 Nh2 67. Nxe4 Nf3+ 68. Kd5 Nxh4 69. Nd2 Kxg5 70. e4 Kf4 71.
e5 Nf5 72. e6 g5 73. Ne4 Ne7+ 74. Kd4 Nf5+ 1/2-1/2

[Event "43. Olimpiada Batumi 2018 Femenina"]
[Site "Batumi GEO"]
[Date "2018.09.24"]
[Round "1.4"]
[White "Momunalieva, Shaadat"]
[Black "Ghukasyan, Siranush"]
[Result "0-1"]
[WhiteElo "1594"]
[BlackElo "2205"]
[PlyCount "64"]
[EventDate "2018.09.24"]
[EventType "team-swiss"]
[EventRounds "11"]
[EventCountry "GEO"]
[SourceTitle "Ajedrez en Madrid"]
[Source "lmi"]
[SourceDate "2018.09.24"]
[WhiteTeam "Kyrgyzstan"]
[BlackTeam "Armenia"]
[WhiteTeamCountry "KGZ"]
[BlackTeamCountry "ARM"]

1. d4 d5 2. c4 e6 3. Nc3 c6 4. Nf3 dxc4 5. e3 b5 6. a4 Bb4 7. Bd2 a5 8. Ne5 Bb7
9. Qg4 g6 10. Be2 Nf6 11. Qf4 Qe7 12. e4 Nfd7 13. Qg3 f6 14. Ng4 h5 15. Ne3 Kf7
16. h4 e5 17. d5 Nc5 18. f4 Bxc3 19. Bxc3 Nxe4 20. Qf3 Nxc3 21. bxc3 exf4 22.
Qxf4 cxd5 23. axb5 Nd7 24. Rf1 Rae8 25. Kd2 Nc5 26. Rae1 Qxe3+ 27. Qxe3 Nb3+
28. Kc2 Rxe3 29. Bf3 Rxe1 30. Rxe1 Re8 31. Rd1 Re5 32. Kb2 Ke7 0-1

[Event "43. Olimpiada Batumi 2018 Femenina"]
[Site "Batumi GEO"]
[Date "2018.09.24"]
[Round "1.1"]
[White "Mirza, Diana"]
[Black "Gara, Anita"]
[Result "0-1"]
[WhiteElo "1960"]
[BlackElo "2370"]
[PlyCount "52"]
[EventDate "2018.09.24"]
[EventType "team-swiss"]
[EventRounds "11"]
[EventCountry "GEO"]
[SourceTitle "Ajedrez en Madrid"]
[Source "lmi"]
[SourceDate "2018.09.24"]
[WhiteTeam "Ireland"]
[BlackTeam "Hungary"]
[WhiteTeamCountry "IRL"]
[BlackTeamCountry "HUN"]

1. b3 e5 2. Bb2 Nc6 3. e3 Nf6 4. Bb5 e4 5. f3 a6 6. Bxc6 dxc6 7. Nc3 exf3 8.
Nxf3 Bd6 9. O-O Bg4 10. Ne2 Qe7 11. Nf4 O-O-O 12. h3 Bd7 13. Qc1 Rhg8 14. Nd3
Ne4 15. Nde5 Be6 16. d3 Ng3 17. Rf2 g5 18. Nc4 g4 19. Nxd6+ Rxd6 20. hxg4 Bxg4
21. Be5 Bxf3 22. Bxd6 Qxd6 23. Qe1 Qh6 24. Rxf3 Qh1+ 25. Kf2 Ne4+ 26. Ke2 Rxg2+
0-1

[Event "43. Olimpiada Batumi 2018 Femenina"]
[Site "Batumi GEO"]
[Date "2018.09.24"]
[Round "1.2"]
[White "Gara, Ticia"]
[Black "Plaza Reino, Mercedes"]
[Result "1-0"]
[WhiteElo "2321"]
[BlackElo "1727"]
[PlyCount "57"]
[EventDate "2018.09.24"]
[EventType "team-swiss"]
[EventRounds "11"]
[EventCountry "GEO"]
[SourceTitle "Ajedrez en Madrid"]
[Source "lmi"]
[SourceDate "2018.09.24"]
[WhiteTeam "Hungary"]
[BlackTeam "Ireland"]
[WhiteTeamCountry "HUN"]
[BlackTeamCountry "IRL"]

1. e4 c5 2. Nf3 e6 3. d4 cxd4 4. Nxd4 a6 5. c4 Nf6 6. Nc3 Qc7 7. Be2 Nc6 8. O-O
Nxd4 9. Qxd4 Bc5 10. Qd3 O-O 11. a3 b6 12. b4 Be7 13. Bb2 d6 14. f4 Rd8 15. Qg3
Bb7 16. Rac1 Rac8 17. f5 e5 18. Qd3 Qb8 19. Nd5 Nxd5 20. exd5 Bg5 21. f6 g6 22.
Qg3 Bh6 23. Qh4 Bf8 24. Rc3 Qa7 25. Rh3 h6 26. Bc1 b5+ 27. Be3 g5 28. Qg4 Qb8
29. Bxg5 1-0

[Event "43. Olimpiada Batumi 2018 Femenina"]
[Site "Batumi GEO"]
[Date "2018.09.24"]
[Round "1.3"]
[White "Ui Laighleis, Gearoidin"]
[Black "Lakos, Nikoletta"]
[Result "0-1"]
[WhiteElo "1791"]
[BlackElo "2258"]
[PlyCount "64"]
[EventDate "2018.09.24"]
[EventType "team-swiss"]
[EventRounds "11"]
[EventCountry "GEO"]
[SourceTitle "Ajedrez en Madrid"]
[Source "lmi"]
[SourceDate "2018.09.24"]
[WhiteTeam "Ireland"]
[BlackTeam "Hungary"]
[WhiteTeamCountry "IRL"]
[BlackTeamCountry "HUN"]

1. e4 d6 2. d4 Nf6 3. Nc3 Nbd7 4. Nf3 e5 5. dxe5 dxe5 6. Bg5 c6 7. a3 Bc5 8.
Bc4 O-O 9. O-O h6 10. Bh4 b5 11. Ba2 Qc7 12. b4 Be7 13. Re1 a5 14. Qb1 Ra6 15.
Nd1 axb4 16. axb4 Ra4 17. c3 c5 18. Nb2 Ra6 19. Nd3 c4 20. Nc1 Bb7 21. Nd2 Re8
22. f3 Nd5 23. exd5 Bxh4 24. g3 Qb6+ 25. Kg2 Bg5 26. Ne4 Bxd5 27. Nxg5 hxg5 28.
Qf5 Qb7 29. Re3 Rf6 30. Qxg5 Bxf3+ 31. Kg1 Qa7 32. Rb1 Rg6 0-1

[Event "43. Olimpiada Batumi 2018 Femenina"]
[Site "Batumi GEO"]
[Date "2018.09.24"]
[Round "1.4"]
[White "Terbe, Julianna"]
[Black "Ni Mhuireagain, Eibhia"]
[Result "1-0"]
[WhiteElo "2260"]
[BlackElo "1655"]
[PlyCount "53"]
[EventDate "2018.09.24"]
[EventType "team-swiss"]
[EventRounds "11"]
[EventCountry "GEO"]
[SourceTitle "Ajedrez en Madrid"]
[Source "lmi"]
[SourceDate "2018.09.24"]
[WhiteTeam "Hungary"]
[BlackTeam "Ireland"]
[WhiteTeamCountry "HUN"]
[BlackTeamCountry "IRL"]

1. Nf3 Nf6 2. g3 g6 3. Bg2 Bg7 4. d4 d6 5. O-O O-O 6. a4 a5 7. Nc3 c6 8. e4 e5
9. dxe5 dxe5 10. Qxd8 Rxd8 11. Nxe5 Nxe4 12. Nxc6 Nxc6 13. Nxe4 Nd4 14. Bg5 Rf8
15. c3 Ne6 16. Be7 Re8 17. Nf6+ Bxf6 18. Bxf6 Nc5 19. Rfd1 Be6 20. b4 axb4 21.
cxb4 Nd7 22. Bb2 Nb6 23. a5 Nc4 24. Bd4 Red8 25. Bxb7 Rab8 26. a6 Bd5 27. Bf6
1-0

[Event "43. Olimpiada Batumi 2018 Femenina"]
[Site "Batumi GEO"]
[Date "2018.09.24"]
[Round "1.1"]
[White "Charkhalashvili, Inga"]
[Black "February, Jesse Nikki"]
[Result "1-0"]
[WhiteElo "2317"]
[BlackElo "1933"]
[PlyCount "67"]
[EventDate "2018.09.24"]
[EventType "team-swiss"]
[EventRounds "11"]
[EventCountry "GEO"]
[SourceTitle "Ajedrez en Madrid"]
[Source "lmi"]
[SourceDate "2018.09.24"]
[WhiteTeam "Georgia 2"]
[BlackTeam "South Africa"]
[BlackTeamCountry "RSA"]

1. d4 d5 2. c4 e6 3. Nc3 Nf6 4. Bg5 Be7 5. Nf3 O-O 6. e3 Nbd7 7. Rc1 h6 8. Bh4
b6 9. cxd5 exd5 10. Bd3 Bb7 11. O-O c5 12. Bf5 Ne4 13. Bxe7 Qxe7 14. Bxd7 Qxd7
15. dxc5 Nxc5 16. b4 Ne6 17. Qd2 Rfd8 18. Ne2 Ng5 19. Nxg5 hxg5 20. Nd4 Rac8
21. b5 Rc4 22. Rc3 Rdc8 23. Ra3 Ba8 24. h3 g4 25. hxg4 Qxg4 26. Rxa7 g6 27. Qb2
Re8 28. Qa3 Rcc8 29. Qd6 Qh5 30. Qf6 Qh7 31. g3 Re4 32. Kg2 Re6 33. Nxe6 d4+
34. Rxa8 1-0

[Event "43. Olimpiada Batumi 2018 Femenina"]
[Site "Batumi GEO"]
[Date "2018.09.24"]
[Round "1.2"]
[White "Bouah, Denise"]
[Black "Gvetadze, Sofio"]
[Result "0-1"]
[WhiteElo "1780"]
[BlackElo "2325"]
[PlyCount "80"]
[EventDate "2018.09.24"]
[EventType "team-swiss"]
[EventRounds "11"]
[EventCountry "GEO"]
[SourceTitle "Ajedrez en Madrid"]
[Source "lmi"]
[SourceDate "2018.09.24"]
[WhiteTeam "South Africa"]
[BlackTeam "Georgia 2"]
[WhiteTeamCountry "RSA"]

1. e4 c5 2. Nf3 Nc6 3. d4 cxd4 4. Nxd4 g6 5. c4 Bg7 6. Be3 Nf6 7. Nc3 d6 8. Be2
O-O 9. O-O Bd7 10. Rc1 Nxd4 11. Bxd4 Bc6 12. Qd3 a5 13. b3 Nd7 14. Bxg7 Kxg7
15. Qd4+ Kg8 16. Nd5 Rc8 17. Rcd1 Bxd5 18. exd5 Qb6 19. Qxb6 Nxb6 20. f4 Rc7
21. f5 Kg7 22. Rd3 Nd7 23. h4 Ne5 24. Rg3 a4 25. h5 axb3 26. axb3 Ra8 27. hxg6
hxg6 28. fxg6 fxg6 29. Rf5 Ra3 30. Rfg5 Kf6 31. b4 Ra1+ 32. Kf2 Ra2 33. Rxe5
Kxe5 34. Rxg6 Rxc4 35. Re6+ Kxd5 36. Rxe7 Re4 37. Rxe4 Kxe4 38. Ke1 Ke3 39. Bf3
d5 40. Kd1 d4 0-1

[Event "43. Olimpiada Batumi 2018 Femenina"]
[Site "Batumi GEO"]
[Date "2018.09.24"]
[Round "1.3"]
[White "Khukhashvili, Sopiko"]
[Black "Selkirk, Rebecca"]
[Result "1-0"]
[WhiteElo "2301"]
[BlackElo "1733"]
[PlyCount "71"]
[EventDate "2018.09.24"]
[EventType "team-swiss"]
[EventRounds "11"]
[EventCountry "GEO"]
[SourceTitle "Ajedrez en Madrid"]
[Source "lmi"]
[SourceDate "2018.09.24"]
[WhiteTeam "Georgia 2"]
[BlackTeam "South Africa"]
[BlackTeamCountry "RSA"]

1. e4 c6 2. d4 d5 3. exd5 cxd5 4. c4 Nf6 5. Nc3 e6 6. Nf3 Bb4 7. cxd5 Nxd5 8.
Bd2 O-O 9. Bd3 Nc6 10. O-O Be7 11. a3 b6 12. Qc2 Nf6 13. Ne4 Nxd4 14. Nxd4 Qxd4
15. Bc3 Qd8 16. Nxf6+ Bxf6 17. Bb4 Bb7 18. Rad1 Qc8 19. Bxh7+ Kh8 20. Bxf8 Qxf8
21. Rd3 Rc8 22. Qe2 g6 23. Rh3 Kg7 24. Qd2 g5 25. Bb1 Qd8 26. Rd3 Qc7 27. Rg3
Kf8 28. Be4 Rd8 29. Qe3 Ba6 30. Re1 Qf4 31. b4 Qxe3 32. Rgxe3 Rd2 33. Rf3 Bd4
34. Bg6 f5 35. Bxf5 Bb7 36. Be4+ 1-0

[Event "43. Olimpiada Batumi 2018 Femenina"]
[Site "Batumi GEO"]
[Date "2018.09.24"]
[Round "1.4"]
[White "Van Zyl, Charlize"]
[Black "Mikadze, Miranda"]
[Result "0-1"]
[WhiteElo "1664"]
[BlackElo "2255"]
[PlyCount "50"]
[EventDate "2018.09.24"]
[EventType "team-swiss"]
[EventRounds "11"]
[EventCountry "GEO"]
[SourceTitle "Ajedrez en Madrid"]
[Source "lmi"]
[SourceDate "2018.09.24"]
[WhiteTeam "South Africa"]
[BlackTeam "Georgia 2"]
[WhiteTeamCountry "RSA"]

1. d4 d5 2. Bf4 Nf6 3. e3 e6 4. Nf3 Bd6 5. Bg3 c5 6. c3 Nc6 7. Bd3 O-O 8. O-O
Bxg3 9. hxg3 Qd6 10. Nbd2 e5 11. dxc5 Qxc5 12. Be2 Bf5 13. Qa4 Rfd8 14. Nh4 Be6
15. Rac1 e4 16. g4 Nxg4 17. Bxg4 Bxg4 18. g3 b5 19. Qc2 Rac8 20. Nb3 Qd6 21.
Qd2 g5 22. Ng2 Ne5 23. Nd4 Nf3+ 24. Nxf3 Bxf3 25. Qd4 Qe6 0-1

[Event "43. Olimpiada Batumi 2018 Femenina"]
[Site "Batumi GEO"]
[Date "2018.09.24"]
[Round "1.1"]
[White "Castillo Pena, Patricia Evarista"]
[Black "Garcia Martin, Marta"]
[Result "0-1"]
[WhiteElo "1810"]
[BlackElo "2329"]
[PlyCount "120"]
[EventDate "2018.09.24"]
[EventType "team-swiss"]
[EventRounds "11"]
[EventCountry "GEO"]
[SourceTitle "Ajedrez en Madrid"]
[Source "lmi"]
[SourceDate "2018.09.24"]
[WhiteTeam "Dominican Republic"]
[BlackTeam "Spain"]
[WhiteTeamCountry "DOM"]
[BlackTeamCountry "ESP"]

1. d4 Nf6 2. c4 e6 3. Nc3 Bb4 4. e3 b6 5. a3 Bxc3+ 6. bxc3 Nc6 7. Nf3 Na5 8.
Bd3 Ba6 9. Qa4 O-O 10. O-O d6 11. Rd1 Qe8 12. Qc2 Bxc4 13. Bxc4 Nxc4 14. e4 e5
15. Bg5 Nd7 16. Nh4 f6 17. Bc1 Kh8 18. Qd3 Qf7 19. Nf5 Na5 20. Rb1 Rfe8 21. Re1
Nf8 22. Rb2 Ng6 23. Rbe2 Nb3 24. g3 Ne7 25. Ne3 Rad8 26. Ng2 Nxc1 27. Rxc1 Qb3
28. Ree1 exd4 29. Qxd4 Qxa3 30. Nf4 Nc6 31. Qc4 Ne5 32. Qe2 Qc5 33. Kg2 Qc4 34.
Qh5 Qf7 35. Qd1 a5 36. Nd5 Rc8 37. Qd4 Qh5 38. Qd1 Qxd1 39. Rcxd1 Kg8 40. f3
Kf7 41. Re2 Nc6 42. Kf2 Ne7 43. Ne3 Ra8 44. c4 Ra7 45. Ra2 g6 46. Ra3 Rb8 47.
Rb1 Nc6 48. Nd5 Ne5 49. Ra4 Ke6 50. Ke3 Rf8 51. h3 Kd7 52. Rd1 Raa8 53. Rd2
Rae8 54. Nc3 Kc8 55. Rf2 f5 56. f4 Nd7 57. Raa2 Nc5 58. Rfe2 Nxe4 59. Nxe4
Rxe4+ 60. Kd3 Rfe8 0-1

[Event "43. Olimpiada Batumi 2018 Femenina"]
[Site "Batumi GEO"]
[Date "2018.09.24"]
[Round "1.2"]
[White "Matnadze, Ana"]
[Black "Hazim Gonzalez, Elizabeth"]
[Result "1-0"]
[WhiteElo "2362"]
[BlackElo "1748"]
[PlyCount "57"]
[EventDate "2018.09.24"]
[EventType "team-swiss"]
[EventRounds "11"]
[EventCountry "GEO"]
[SourceTitle "Ajedrez en Madrid"]
[Source "lmi"]
[SourceDate "2018.09.24"]
[WhiteTeam "Spain"]
[BlackTeam "Dominican Republic"]
[WhiteTeamCountry "ESP"]
[BlackTeamCountry "DOM"]

1. Nf3 Nf6 2. c4 g6 3. b3 Bg7 4. Bb2 O-O 5. g3 d6 6. Bg2 Nbd7 7. O-O e5 8. Nc3
c6 9. e4 Qe7 10. d4 Rd8 11. Re1 a6 12. a4 a5 13. Qc2 Nb8 14. Ba3 Nfd7 15. Rad1
Na6 16. Na2 c5 17. dxe5 dxe5 18. Nc3 Nb6 19. Rxd8+ Qxd8 20. Rd1 Qe7 21. Qd2 Bf6
22. Qd6 Qxd6 23. Rxd6 Nd7 24. Nd5 Bd8 25. Nxe5 Nxe5 26. Rxd8+ Kg7 27. Bb2 f6
28. Bxe5 fxe5 29. Nb6 1-0

[Event "43. Olimpiada Batumi 2018 Femenina"]
[Site "Batumi GEO"]
[Date "2018.09.24"]
[Round "1.3"]
[White "Diaz Cesar, Wilsaida Pieranlly"]
[Black "Calzetta Ruiz, Monica"]
[Result "0-1"]
[WhiteElo "1815"]
[BlackElo "2235"]
[PlyCount "86"]
[EventDate "2018.09.24"]
[EventType "team-swiss"]
[EventRounds "11"]
[EventCountry "GEO"]
[SourceTitle "Ajedrez en Madrid"]
[Source "lmi"]
[SourceDate "2018.09.24"]
[WhiteTeam "Dominican Republic"]
[BlackTeam "Spain"]
[WhiteTeamCountry "DOM"]
[BlackTeamCountry "ESP"]

1. d4 Nf6 2. c4 c5 3. e3 g6 4. Nf3 Bg7 5. Nc3 O-O 6. Be2 cxd4 7. exd4 d5 8. O-O
Nc6 9. Bf4 Bg4 10. c5 Ne4 11. Be3 Nxc5 12. Nxd5 Ne6 13. Nc3 Bxf3 14. Bxf3 Nexd4
15. Bxc6 Nxc6 16. Qb3 Qc8 17. Rac1 Rd8 18. Nd5 Rd7 19. Rfd1 Qe8 20. Bf4 e5 21.
Bg5 Nd4 22. Qc4 b5 23. Qc5 Ne2+ 24. Kf1 Nxc1 25. Rxc1 h6 26. Nf6+ Bxf6 27. Bxf6
Kh7 28. Bxe5 Rad8 29. Re1 Rd1 30. Bc3 Rxe1+ 31. Bxe1 Rd1 32. Qe3 Qxe3 33. fxe3
Rb1 34. b4 Ra1 35. a3 Rxa3 36. Ke2 f5 37. Bg3 a5 38. bxa5 Rxa5 39. Bd6 Ra2+ 40.
Kf3 Rb2 41. h4 b4 42. g4 fxg4+ 43. Kxg4 b3 0-1

[Event "43. Olimpiada Batumi 2018 Femenina"]
[Site "Batumi GEO"]
[Date "2018.09.24"]
[Round "1.4"]
[White "Hernandez Estevez, Yudania"]
[Black "Rosario Almanzar, Raydily"]
[Result "1-0"]
[WhiteElo "2192"]
[BlackElo "1755"]
[PlyCount "64"]
[EventDate "2018.09.24"]
[EventType "team-swiss"]
[EventRounds "11"]
[EventCountry "GEO"]
[SourceTitle "Ajedrez en Madrid"]
[Source "lmi"]
[SourceDate "2018.09.24"]
[WhiteTeam "Spain"]
[BlackTeam "Dominican Republic"]
[WhiteTeamCountry "ESP"]
[BlackTeamCountry "DOM"]

1. e4 e5 2. Nf3 Nc6 3. Bb5 a6 4. Ba4 Nf6 5. d3 b5 6. Bb3 Be7 7. O-O d6 8. c3
O-O 9. Re1 Na5 10. Bc2 c5 11. Nbd2 Re8 12. Nf1 Bb7 13. Ng3 g6 14. d4 Bf8 15. d5
Nc4 16. Qe2 Nb6 17. h3 Bg7 18. Nh2 Bc8 19. f3 h5 20. Bg5 Qc7 21. Ngf1 Nh7 22.
Bh4 Nd7 23. g4 Ndf8 24. a4 b4 25. cxb4 cxb4 26. a5 g5 27. Bf2 Ng6 28. Bb6 Qe7
29. Ne3 Nf4 30. Qf1 Bd7 31. Ba4 Rec8 32. Nf5 Bxa4 1-0

[Event "43. Olimpiada Batumi 2018 Femenina"]
[Site "Batumi GEO"]
[Date "2018.09.24"]
[Round "1.1"]
[White "Peng, Zhaoqin"]
[Black "Barria Baker, Raisa Melissa"]
[Result "1-0"]
[WhiteElo "2367"]
[BlackElo "1962"]
[PlyCount "47"]
[EventDate "2018.09.24"]
[EventType "team-swiss"]
[EventRounds "11"]
[EventCountry "GEO"]
[SourceTitle "Ajedrez en Madrid"]
[Source "lmi"]
[SourceDate "2018.09.24"]
[WhiteTeam "Netherlands"]
[BlackTeam "Panama"]
[WhiteTeamCountry "NED"]
[BlackTeamCountry "PAN"]

1. e4 e6 2. d4 d5 3. Bd3 b6 4. Nf3 Nf6 5. e5 Nfd7 6. Qe2 c5 7. c4 Ba6 8. O-O
Nc6 9. cxd5 Bxd3 10. Qxd3 Nb4 11. Qb3 Nxd5 12. Nc3 Nxc3 13. bxc3 Rc8 14. Rd1 c4
15. Qa4 Qc7 16. Rb1 Qc6 17. Qa6 Rd8 18. Bg5 Be7 19. Bxe7 Kxe7 20. Qa3+ Ke8 21.
d5 Qb7 22. dxe6 fxe6 23. Qd6 Qc8 24. Qxe6+ 1-0

[Event "43. Olimpiada Batumi 2018 Femenina"]
[Site "Batumi GEO"]
[Date "2018.09.24"]
[Round "1.2"]
[White "Chung, Yaleika"]
[Black "Lanchava, Tea"]
[Result "0-1"]
[WhiteElo "1736"]
[BlackElo "2339"]
[PlyCount "78"]
[EventDate "2018.09.24"]
[EventType "team-swiss"]
[EventRounds "11"]
[EventCountry "GEO"]
[SourceTitle "Ajedrez en Madrid"]
[Source "lmi"]
[SourceDate "2018.09.24"]
[WhiteTeam "Panama"]
[BlackTeam "Netherlands"]
[WhiteTeamCountry "PAN"]
[BlackTeamCountry "NED"]

1. d4 d6 2. c4 e5 3. dxe5 dxe5 4. Qxd8+ Kxd8 5. a3 Be6 6. e3 Nd7 7. Nc3 Nc5 8.
Nf3 Nb3 9. Rb1 f6 10. Nd2 Nxc1 11. Rxc1 c6 12. Be2 Nh6 13. O-O Nf7 14. Rfd1 Ke8
15. h3 Be7 16. Na4 b6 17. b4 f5 18. c5 b5 19. Nc3 Bf6 20. e4 g6 21. Rb1 Ke7 22.
Nb3 Rhd8 23. Na5 Rac8 24. Bf3 Ng5 25. Rxd8 Kxd8 26. Rd1+ Ke7 27. Kh2 Bd7 28.
Nb7 Rc7 29. Nd6 a5 30. Rd2 Ra7 31. Rb2 axb4 32. axb4 Ra3 33. Rc2 Rb3 34. exf5
Nxf3+ 35. gxf3 gxf5 36. Na2 Rxf3 37. Kg2 e4 38. Re2 Ra3 39. f3 Be6 0-1

[Event "43. Olimpiada Batumi 2018 Femenina"]
[Site "Batumi GEO"]
[Date "2018.09.24"]
[Round "1.3"]
[White "Paulet, Iozefina"]
[Black "Carrillo Marval, Maria Angelica"]
[Result "1-0"]
[WhiteElo "2275"]
[BlackElo "1712"]
[PlyCount "53"]
[EventDate "2018.09.24"]
[EventType "team-swiss"]
[EventRounds "11"]
[EventCountry "GEO"]
[SourceTitle "Ajedrez en Madrid"]
[Source "lmi"]
[SourceDate "2018.09.24"]
[WhiteTeam "Netherlands"]
[BlackTeam "Panama"]
[WhiteTeamCountry "NED"]
[BlackTeamCountry "PAN"]

1. e4 d5 2. exd5 Qxd5 3. Nc3 Qd8 4. Nf3 Nf6 5. g3 Bg4 6. h3 Bxf3 7. Qxf3 c6 8.
Bg2 e6 9. O-O Nbd7 10. d3 Bd6 11. Rb1 Qa5 12. Bd2 Qh5 13. Qxh5 Nxh5 14. b4 Rb8
15. a4 O-O 16. b5 c5 17. a5 f5 18. Rfe1 Rf6 19. Bf3 Nxg3 20. fxg3 Bxg3 21. Rf1
Be5 22. Ne2 f4 23. Rbe1 g5 24. Nc3 Bd4+ 25. Kg2 e5 26. Ne4 Rh6 27. c3 1-0